Programación en Pascal \ Byron S. Gottfried Ph D. (Registro nro. 12149)
[ vista simple ]
| 000 -LÍDER | |
|---|---|
| fixed length control field | 00668nam a2200169 4500 |
| 008 - ELEMENTOS DE LONGITUD FIJA -- INFORMACIÓN GENERAL | |
| fixed length control field | 0 1988 0a 000 0MEX |
| 020 ## - NÚMERO INTERNACIONAL NORMALIZADO PARA LIBROS | |
| ISBN | 948-651-810-2 |
| 050 ## - SIGNATURA TOPOGRAFICA DE LA BIBLIOTECA DEL CONGRESO (LC) | |
| Número de Clasificación | QA76 73P2 G6818 1988 |
| 082 ## - NUMERO DE CLASIFICACION DECIMAL DEWEY | |
| Número de Clasificación | 001.642.4 G652p |
| 100 ## - ASIENTO PRINCIPAL--NOMBRE PERSONAL | |
| Nombre personal | Gottfried, Byron S. Ph D. |
| 245 ## - TÍTULO | |
| Título | Programación en Pascal \ Byron S. Gottfried Ph D. |
| 260 ## - PUBLICACIÓN, DISTRIBUCIÓN, ETC. (PIE DE IMPRENTA) | |
| Lugar de publicación, distribución, etc. | México : McGraw-Hill |
| 300 ## - DESCRIPCIÓN FÍSICA | |
| Extensión | vi, 398 p. / 28 cm. |
| 500 ## - NOTA GENERAL | |
| Nota general | Incluyeap‚ndice, respuestas a problemas, índice. |
| 650 ## - ASIENTO SECUNDARIO DE MATERIA - TERMINO TEMÁTICO | |
| Término temático o nombre geográfico como elemento de entrada | 1.PROGRAMACIÓN (COMPUTADORAS ELECTRÓNICAS) \ 2.PASCAL (LENGUAJE DE PROGRAMACIÓN PARA COMPUTADORAS) |
| 700 ## - ASIENTO SECUNDARIO - NOMBRE PERSONAL | |
| Nombre personal | Bautista Paloma, Alfredo, Tr. \ Vaquero S nchez, Antonio, Rev. Téc. |
| No. biblioteca | No. biblioteca | Número de clasificación | Código de barras/Número de adquisición | Número de copia | Tipo de material |
|---|---|---|---|---|---|
| LUIS G. INCLAN | LUIS G. INCLAN | 001.642.4 G652p | 10918 | 1 | Libros |
| LUIS G. INCLAN | LUIS G. INCLAN | 001.642.4 G652p | 12863 | 4 | Libros |
| LUIS G. INCLAN | LUIS G. INCLAN | 001.642.4 G652p | 10919 | 2 | Libros |
